[Event "BL2 Gr1 0304 (Women)"]
[Site "Germany"]
[Date "2004.03.13"]
[Round "6.5"]
[White "Bramers, Renate"]
[Black "Berger, Alissa Xuan Mai"]
[Result "0-1"]
[WhiteElo "1369"]
[BlackElo "1525"]
[PlyCount "64"]
[EventDate "2003.10.25"]
[EventType "team-tourn"]
[EventRounds "7"]
[EventCountry "GER"]
[SourceTitle "EXT 2006"]
[Source "ChessBase"]
[SourceDate "2005.11.24"]
[SourceVersion "1"]
[SourceVersionDate "2005.11.24"]
[SourceQuality "1"]
[WhiteTeam "Heiden (W)"]
[BlackTeam "Walldorf (W)"]
[WhiteTeamCountry "GER"]
[BlackTeamCountry "GER"]

1. d4 Nf6 2. c4 d6 3. Nc3 g6 4. Nf3 Bg7 5. Bg5 0-0 6. e4 Nbd7 7. Be2 e5 8. d5 a5 9. a3 h6 10. Bh4 g5 11. Nxg5 hxg5 12. Bxg5 Nc5 13. 0-0 Qd7 14. Bxf6 Bxf6 15. f4 exf4 16. Rxf4 Bxc3 17. bxc3 Qe7 18. Qc2 Qg5 19. Rf3 Qe5 20. Rg3+ Kh7 21. Bd3 Rg8 22. Rf3 Rg7 23. Raf1 Bd7 24. Rxf7 Rxf7 25. Rxf7+ Kg6 26. Rf3 Rh8 27. g3 Nxd3 28. Qxd3 Kg7 29. Qf1 Bh3 30. Rf7+ Kg6 31. Qf4 Qxc3 32. Rxc7 Qe1+ 0-1

[Event "BL2 Gr1 0304 (Women)"]
[Site "Germany"]
[Date "2003.11.30"]
[Round "4.4"]
[White "Funk, Natalie"]
[Black "Bramers, Renate"]
[Result "1-0"]
[WhiteElo "1888"]
[BlackElo "1369"]
[PlyCount "51"]
[EventDate "2003.10.25"]
[EventType "team-tourn"]
[EventRounds "7"]
[EventCountry "GER"]
[SourceTitle "EXT 2006"]
[Source "ChessBase"]
[SourceDate "2005.11.24"]
[SourceVersion "1"]
[SourceVersionDate "2005.11.24"]
[SourceQuality "1"]
[WhiteTeam "Eikamp (W)"]
[BlackTeam "Heiden (W)"]
[WhiteTeamCountry "GER"]
[BlackTeamCountry "GER"]

1. d4 d5 2. Nf3 Nf6 3. Bf4 Bf5 4. e3 e6 5. Bd3 Ne4 6. Nbd2 Bd6 7. 0-0 Bxf4 8. exf4 Qf6 9. Re1 Nd6 10. Bxf5 Qxf5 11. g3 h5 12. c4 dxc4 13. Rc1 Qa5 14. Nxc4 Nxc4 15. Rxc4 c6 16. d5 0-0 17. dxe6 fxe6 18. Re5 Qxa2 19. Qc2 b5 20. Ng5 Rf6 21. Qh7+ Kf8 22. Qh8+ Ke7 23. Qxg7+ Ke8 24. Qxf6 Qxc4 25. Rxe6+ Kd7 26. Qf7+ 1-0